| 000 | 00889nam a2200253 a 4500 | ||
|---|---|---|---|
| 001 | 792 | ||
| 003 | BR-CuiBMT | ||
| 005 | 20231129145358.0 | ||
| 008 | 231117b2009 rjba 001 0 por d | ||
| 020 | _a9788537505793 | ||
| 040 |
_aBR-CuiBMT _cBR-CuiBMT |
||
| 080 |
_a347.963 _22007 |
||
| 090 |
_a347.963 _bP654p _c5. ed. |
||
| 100 | 1 |
_aPinho, Humberto Dalla Bernardina de, _d1971- |
|
| 245 | 1 | 0 |
_aPrincípios institucionais do Ministério Público : _blegislação compilada / _cHumberto Dalla Bernardina de Pinho. |
| 250 | _a5. ed. | ||
| 260 |
_aRio de Janeiro : _bLumen Juris, _c2009. |
||
| 300 |
_a584 p. : _bil. ; _c24 cm |
||
| 504 | _aInclui índice. | ||
| 650 |
_aMinistério público _xProcuradores gerais _zBrasil |
||
| 650 |
_aMinistério público _xProcuradores gerais _zRio de Janeiro (Estado) |
||
| 650 |
_aProcuradoria geral de justiça _xResoluções _zBrasil |
||
| 942 |
_2udc _cLV |
||
| 999 |
_c792 _d792 |
||